Meranie nezamestnanosti v SR

Hlavné metodické prístupy k meraniu nezamestnanosti v SR. Evidovaná nezamestnanosť. Výberové zisťovanie pracovných síl (VZPS). Kvantitatívne porovnanie nezamestnanosti v SR podľa evidencie úradov práce a nezamestnanosťou z výsledkov VZPS. Vývoj počtu nezamestnaných v SR v rokoch 1994-1998. Štruktúra...

Descripción completa

Guardado en:
Detalles Bibliográficos
Autor principal: Zuzčáková, Andrea
Formato: Capítulo de libro
Lenguaje:eslovaco
Materias:
Etiquetas: Agregar Etiqueta
Sin Etiquetas, Sea el primero en etiquetar este registro!

MARC

LEADER 00000naa a2200000 4500
001 r037404
005 20231002080541.7
041 0 |a slo 
044 |a SK 
245 1 0 |a Meranie nezamestnanosti v SR  |c Andrea Zuzčáková 
520 |a Hlavné metodické prístupy k meraniu nezamestnanosti v SR. Evidovaná nezamestnanosť. Výberové zisťovanie pracovných síl (VZPS). Kvantitatívne porovnanie nezamestnanosti v SR podľa evidencie úradov práce a nezamestnanosťou z výsledkov VZPS. Vývoj počtu nezamestnaných v SR v rokoch 1994-1998. Štruktúra nezamestnaných. 
610 2 0 |a nezamestnanosť 
610 2 0 |a evidencia 
610 2 0 |a úrady práce 
610 2 0 |a zisťovanie výberové 
610 2 0 |a sily pracovné 
610 2 0 |a porovnanie štatistické 
610 2 0 |a miera nezamestnanosti 
610 2 0 |a Slovensko 
610 2 0 |a 1994-1998 
610 2 0 |a údaje štatistické 
100 1 |a Zuzčáková, Andrea